=LDR 00000nam 2200000 4500 =001 INLIS000000000015892 =005 20210406102608 =035 ##$$a 0010-061300000015892 =008 210406################g##########0#ind## =041 ##$$a Ind =082 ##$$a 340 =090 ##$$a 340, Sur p =100 ##$$a Suryodiningrat, RM =245 1#$$a Perikatan-perikatan bersumber undang-undang /$c RM. Suryodiningrat SH =260 ##$$a Bandung :$b Tarsito,$c 1990 =300 ##$$a vi, 75 hlm ; $c 21x14 cm =650 #4$$a Perundang-undangan =850 ##$$a NBPNMAT =084 ##$$a 340 SUR p =250 ##$$a cet.1 =990 ##$$a 69.954/pro.94 =990 ##$$a 69.901/Pro.94